Normal view
MARC view
Entry Personal Name
001 - CONTROL NUMBER
- control field: 6827
003 - CONTROL NUMBER IDENTIFIER
- control field: ARRUPE
005 - DATE AND TIME OF LATEST TRANSACTION
- control field: 20140121141147.0
008 - FIXED-LENGTH DATA ELEMENTS
- fixed length control field: 140121|| aca||aabn | a|a d
040 ## - CATALOGING SOURCE
- Original cataloging agency: ARRUPE
- Transcribing agency: ARRUPE
100 ## - HEADING--PERSONAL NAME
- Personal name: Montaigne, Michel de,
- Dates associated with a name: 1533-1592.
670 ## - SOURCE DATA FOUND
- Source citation: Work cat.: (ARRUPE)0: The Cambridge companion to Montaigne /, 2005.